Les crash en formule 1 - Statistiques

Statistiques générales
  • Ce quiz a été pris 1 187 fois
  • Le résultat moyen est 9 sur 13
Statistiques - réponses
Hint Réponse % Correct
En 2020, quel pilote est sorti miraculeusement vivant d'un crash à Bahrein, restant de longues secondes bloqué dans sa monoplace en feu? Romain Grosjean
98%
Quel pilote a vu sa monoplace se retourner et s'échouer à environ un mètre du public dans les tribunes de Silverstone en 2022? Guanyu Zhou
94%
Lors du grand prix de Bakou en 2018, quel coéquipier de Max Verstappen le percute après quelques manoeuvres de dépassement ? Daniel Ricciardo
91%
Quel pilote français trouve la mort au grand prix du Japon en 2014 ? Jules Bianchi
89%
Avec quel pilote, son coéquipier chez Mercedes, Lewis Hamilton s'accroche au grand prix d'Espagne en 2016, se sortant tous les deux? Nico Rosberg
89%
Sur quel grand prix Lewis Hamilton fut très certainement sauvé par son halo suite à un accrochage avec Max Verstappen en 2021 ? Monza
85%
Au grand prix du Brésil en 2019, quelle écurie voit ses deux pilotes s'accrocher et abandonner à 6 tours de la fin ? Ferrari
83%
Lors de quel grand prix Sergio Perez se plante en Q3 après le tunnel en 2011? Monaco
78%
En 2012, quel grand prix voit un carambolage entre Hamilton, Grosjean, Perez et Alonso lors du premier virage nommé "La source" ? Belgique
70%
Lors de quel grand prix en 2017, Vettel, Verstappen et Raïkonnen abandonnent dès le premier tour ? Singapour
54%
Qui s'envole littéralement en 2010 après un accrochage avec Kovalainen lors du grand prix d'Europe à Valence ? Mark Webber
52%
Au grand prix d'Allemagne en 2013, la roue mal fixée de Mark Webber vient heurter la tête d'un ... ? Cameraman
35%
Lors de quel grand prix les champions du monde Fernando Alonso et Kimi Raïkonnen s'encastrent ensemble dans la barrière en 2015 ? Autriche
25%
Aucun quiz correspondant
Distribution des résultats
% des personnes avec chaque résultat
Percentile par nombre de réponses
Votre historique - résultats
Vous n’avez pas pris ce quiz